[Event "Open 2004 des PSV Rostock"]
[Site "Rostock"]
[Date "2004.08.27"]
[Round "4.34"]
[White "Kurzwig, Andre"]
[Black "Modrow, Andreas"]
[Result "0-1"]
[WhiteElo "1398"]
[BlackElo "1161"]
[PlyCount "106"]
[EventDate "2004.08.26"]
[EventType "swiss"]
[EventRounds "7"]
[EventCountry "GER"]
[Source "Th. Schwetlick"]
[SourceDate "2004.09.01"]

1. c4 e5 2. Nc3 Nf6 3. d3 g6 4. Bg5 Bg7 5. g3 d6 6. Bg2 c6 7. Nf3 Bg4 8. Qa4
O-O 9. Qb4 b6 10. Ne4 c5 11. Qb3 Nc6 12. Nxf6+ Bxf6 13. Bxf6 Qxf6 14. Qd1 Rae8
15. Nd2 Nd4 16. Ne4 Qd8 17. Nc3 a6 18. h3 Bd7 19. e3 Nc6 20. Bd5 Ne7 21. Qf3
Nxd5 22. Nxd5 f5 23. Qd1 e4 24. d4 b5 25. dxc5 dxc5 26. Nb6 Qxb6 27. Qxd7 Qa5+
28. Kf1 Rd8 29. Qe6+ Rf7 30. Kg2 Rd2 31. Qe8+ Kg7 32. Qe5+ Kh6 33. Qe6 Rfd7 34.
cxb5 Qxb5 35. h4 Qe2 36. Raf1 Kh5 37. Qf6 Qg4 38. Qg5+ Qxg5 39. hxg5+ Kxg5 40.
Rc1 Rxb2 41. Rxc5 Rxa2 42. Rf1 Ra7 43. Kh3 h5 44. f4+ Kh6 45. Rc8 a5 46. Rfc1
Re2 47. R1c3 a4 48. R8c7 Rxc7 49. Rxc7 Rxe3 50. Ra7 a3 51. Kg2 Rb3 52. Kf2 h4
53. gxh4 Kh5 0-1

[Event "Open 2004 des PSV Rostock"]
[Site "Rostock"]
[Date "2004.08.27"]
[Round "4.35"]
[White "Niessner, Robert"]
[Black "Moeller, Gerhard"]
[Result "1-0"]
[WhiteElo "1447"]
[BlackElo "1380"]
[PlyCount "115"]
[EventDate "2004.08.26"]
[EventType "swiss"]
[EventRounds "7"]
[EventCountry "GER"]
[Source "Th. Schwetlick"]
[SourceDate "2004.09.01"]

1. e4 c5 2. Nf3 d6 3. d4 cxd4 4. Bb5+ Bd7 5. Bxd7+ Qxd7 6. Nxd4 Nf6 7. f3 g6 8.
Be3 Bg7 9. c4 Nc6 10. Nc3 O-O 11. O-O Ne5 12. b3 a6 13. h3 Rfe8 14. Rc1 h5 15.
Qd2 Kh7 16. f4 Nc6 17. Nf3 e5 18. Rcd1 Red8 19. Ng5+ Kg8 20. Bb6 Re8 21. Qxd6
Qc8 22. f5 Re7 23. fxg6 Rd7 24. gxf7+ Kh8 25. Qe6 Rxd1 26. Qxc8+ Rxc8 27. Rxd1
Ne7 28. Rd8+ Rxd8 29. Bxd8 Ng6 30. Ne6 Nd7 31. Nd5 Ngf8 32. Nxf8 Bxf8 33. Bf6+
Bg7 34. Bxg7+ Kxg7 35. Kf2 Kxf7 36. Kf3 Kg6 37. g4 h4 38. Ne7+ Kg5 39. Nd5 Nc5
40. Ke3 Ne6 41. b4 Nd4 42. a4 Nc2+ 43. Kf3 Nd4+ 44. Kf2 Ne6 45. b5 Nc5 46. bxa6
bxa6 47. Ke3 Nxa4 48. Nb4 Nc5 49. Nd3 Nd7 50. c5 a5 51. c6 Nb6 52. Nxe5 a4 53.
Nf3+ Kf6 54. Kd4 a3 55. Kc3 Ke6 56. Kb3 Nc4 57. Kxc4 a2 58. Nd4+ 1-0

[Event "Open 2004 des PSV Rostock"]
[Site "Rostock"]
[Date "2004.08.27"]
[Round "4.36"]
[White "Uphoff, Juergen"]
[Black "Mangold, Thomas"]
[Result "1-0"]
[WhiteElo "1445"]
[BlackElo "1208"]
[PlyCount "93"]
[EventDate "2004.08.26"]
[EventType "swiss"]
[EventRounds "7"]
[EventCountry "GER"]
[Source "Th. Schwetlick"]
[SourceDate "2004.09.01"]

1. d4 d5 2. Bg5 Nc6 3. e3 Bf5 4. Bd3 Bxd3 5. Qxd3 f6 6. Bh4 e5 7. dxe5 Nxe5 8.
Qe2 Bd6 9. Bg3 Ne7 10. Nf3 N7g6 11. O-O Qd7 12. Nc3 c6 13. Rad1 Bc7 14. e4
Nxf3+ 15. Qxf3 d4 16. Bxc7 Qxc7 17. Rxd4 O-O 18. Ne2 Rad8 19. Rfd1 Rxd4 20.
Rxd4 Rd8 21. Rxd8+ Qxd8 22. Nc3 Qd2 23. Qd1 Qxd1+ 24. Nxd1 Kf7 25. g3 Ke6 26.
f4 Ne7 27. Kf2 g5 28. Kf3 h6 29. Ne3 f5 30. Nxf5 Nxf5 31. exf5+ Kxf5 32. g4+
Kf6 33. f5 Ke5 34. h3 b6 35. Ke3 a6 36. Kd3 Kd5 37. b4 Ke5 38. a4 b5 39. axb5
axb5 40. c4 Kd6 41. Kd4 bxc4 42. Kxc4 Kc7 43. Kc5 Kd7 44. f6 Ke6 45. f7 Kxf7
46. Kxc6 Ke7 47. Kc7 1-0

[Event "Open 2004 des PSV Rostock"]
[Site "Rostock"]
[Date "2004.08.28"]
[Round "5.1"]
[White "Seils, Joerg"]
[Black "Hetey, Laszlo"]
[Result "0-1"]
[WhiteElo "2366"]
[BlackElo "2336"]
[PlyCount "118"]
[EventDate "2004.08.26"]
[EventType "swiss"]
[EventRounds "7"]
[EventCountry "GER"]
[Source "Th. Schwetlick"]
[SourceDate "2004.09.01"]

1. e4 Nf6 2. e5 Nd5 3. d4 d6 4. c4 Nb6 5. exd6 exd6 6. Bd3 Be7 7. Ne2 O-O 8.
O-O Nc6 9. Nbc3 Re8 10. Be3 Bg5 11. Bxg5 Qxg5 12. Qc1 Qxc1 13. Raxc1 Nb4 14.
Bb1 Nxc4 15. Nb5 Rxe2 16. Rxc4 Rxb2 17. Rxc7 Nd5 18. Re1 Kf8 19. Bd3 Rxb5 20.
Rxc8+ Rxc8 21. Bxb5 Nc3 22. Bd7 Rd8 23. Bg4 Re8 24. Ra1 b5 25. h3 b4 26. Kf1 a5
27. Bd1 a4 28. Bc2 Rb8 29. Bd3 Re8 30. g3 g6 31. h4 h6 32. Kg2 Kg7 33. Kf3 Kf6
34. g4 Re7 35. Kg2 Re8 36. Kf3 Re7 37. Kg2 Rb7 38. Kf3 Rb6 39. Ke3 g5 40. h5 b3
41. axb3 axb3 42. Rc1 Nd5+ 43. Kd2 b2 44. Rb1 Rb4 45. Kc2 Rxd4 46. Be2 Rb4 47.
Bf3 Nf4 48. Kc3 Rb6 49. Be4 d5 50. Bf5 Ne6 51. Re1 Nc5 52. Bb1 Na4+ 53. Kd3 Rc6
54. Bc2 Nc3 55. f3 Nb5 56. Kd2 Na3 57. Bd3 d4 58. Be4 Rc3 59. Bd3 Rxd3+ 0-1

[Event "Open 2004 des PSV Rostock"]
[Site "Rostock"]
[Date "2004.08.28"]
[Round "5.2"]
[White "Kliewe, Hans Juergen"]
[Black "Lisek, Juergen"]
[Result "1/2-1/2"]
[WhiteElo "2178"]
[BlackElo "2290"]
[PlyCount "41"]
[EventDate "2004.08.26"]
[EventType "swiss"]
[EventRounds "7"]
[EventCountry "GER"]
[Source "Th. Schwetlick"]
[SourceDate "2004.09.01"]

1. d4 e6 2. Nf3 c5 3. c3 Nf6 4. e3 b6 5. Bd3 Bb7 6. O-O Be7 7. Nbd2 d5 8. Re1
cxd4 9. exd4 Nc6 10. Ne5 Nxe5 11. dxe5 Nd7 12. Qh5 Nc5 13. Bb5+ Kf8 14. Nf3 Ba6
15. Bxa6 Nxa6 16. Nd4 Qd7 17. Re3 Bd8 18. Rg3 h6 19. Qg4 g6 20. h4 h5 21. Qf3
1/2-1/2

[Event "Open 2004 des PSV Rostock"]
[Site "Rostock"]
[Date "2004.08.28"]
[Round "5.3"]
[White "Rudolf, Henrik"]
[Black "Helms, Sven"]
[Result "1-0"]
[WhiteElo "2322"]
[BlackElo "2164"]
[PlyCount "161"]
[EventDate "2004.08.26"]
[EventType "swiss"]
[EventRounds "7"]
[EventCountry "GER"]
[Source "Th. Schwetlick"]
[SourceDate "2004.09.01"]

1. e4 e6 2. d4 d5 3. Nc3 Nf6 4. e5 Nfd7 5. f4 c5 6. Nf3 a6 7. Be3 Qb6 8. Na4
Qa5+ 9. c3 c4 10. b4 Qc7 11. Be2 b5 12. Nc5 a5 13. O-O Nxc5 14. dxc5 axb4 15.
cxb4 Nc6 16. a3 Be7 17. Nd4 Nxd4 18. Bxd4 Bd7 19. g4 Ra6 20. Rf3 Qd8 21. Qc2 f5
22. Rh3 O-O 23. Kh1 Be8 24. Rg1 Bg6 25. g5 Rf7 26. Rgg3 Bf8 27. Qd1 Rc7 28. Bf1
Qe8 29. Be2 Qf7 30. Qg1 Ra8 31. Bd1 Rcc8 32. Rg2 Qd7 33. Qe3 Rc7 34. Qc1 Rb7
35. Kg1 Rbb8 36. Kh1 Rb7 37. Ra2 Rbb8 38. Qa1 Qc8 39. Rg3 Be8 40. Rh3 Qb7 41.
Qb2 Ra6 42. Qf2 Bg6 43. Kg1 Qd7 44. Qb2 Be8 45. Kf1 Qb7 46. Qf2 Bg6 47. Qe1
Raa8 48. Rb2 Qd7 49. Bc2 Ra6 50. Qb1 Raa8 51. Ra2 Be8 52. Qd1 Qb7 53. Rb2 Qc7
54. Qe1 Bg6 55. Bd1 Qd7 56. Ra2 Rb7 57. Rc3 Be8 58. Rc1 Rbb8 59. Rca1 Qb7 60.
Kf2 Be7 61. Qe3 Bf8 62. Ke1 Be7 63. Kd2 Bf8 64. Kc3 Be7 65. Qd2 Bf8 66. Rb1 Qc7
67. Qb2 Ra6 68. Qa1 Rba8 69. Qb2 Qd7 70. a4 bxa4 71. b5 a3 72. Qb4 Ra5 73. b6
Rb5 74. Qxb5 Qxb5 75. Rxb5 Bxb5 76. Kb4 Bc6 77. Rxa3 Rxa3 78. Kxa3 Be7 79. Kb4
Kf8 80. Ba4 Bb7 81. Kb5 1-0

[Event "Open 2004 des PSV Rostock"]
[Site "Rostock"]
[Date "2004.08.28"]
[Round "5.4"]
[White "Brack, Peter"]
[Black "Weglarz, Leszek"]
[Result "0-1"]
[WhiteElo "1918"]
[BlackElo "2305"]
[PlyCount "60"]
[EventDate "2004.08.26"]
[EventType "swiss"]
[EventRounds "7"]
[EventCountry "GER"]
[Source "Th. Schwetlick"]
[SourceDate "2004.09.01"]

1. Nf3 d5 2. b3 c5 3. Bb2 f6 4. e3 e5 5. d3 Nc6 6. Be2 Be6 7. c4 d4 8. e4 Qd7
9. Na3 Nh6 10. Nc2 Be7 11. Bc1 Nf7 12. a3 O-O 13. Nd2 g6 14. O-O f5 15. Rb1 a5
16. Qe1 f4 17. Kh1 Kh8 18. Nf3 g5 19. Ng1 g4 20. f3 gxf3 21. Nxf3 Rg8 22. Bd2
b6 23. Rg1 Ng5 24. Qf2 Nxf3 25. Bxf3 Rg6 26. g3 fxg3 27. hxg3 Rf8 28. Qe2 Rxf3
29. Qxf3 Bg4 30. Qg2 Bf3 0-1

[Event "Open 2004 des PSV Rostock"]
[Site "Rostock"]
[Date "2004.08.28"]
[Round "5.5"]
[White "Gottschalk, Jens"]
[Black "Ruebensam, Helmut"]
[Result "1/2-1/2"]
[WhiteElo "2239"]
[BlackElo "2184"]
[PlyCount "47"]
[EventDate "2004.08.26"]
[EventType "swiss"]
[EventRounds "7"]
[EventCountry "GER"]
[Source "Th. Schwetlick"]
[SourceDate "2004.09.01"]

1. d4 d5 2. c4 c6 3. Nf3 Nf6 4. Nc3 g6 5. Bf4 Bg7 6. e3 O-O 7. h3 Qb6 8. Qb3
Nbd7 9. Be2 e6 10. O-O Re8 11. c5 Qd8 12. Ne5 Nxe5 13. Bxe5 Nd7 14. Bxg7 Kxg7
15. f4 b6 16. Qa4 Bb7 17. b4 b5 18. Nxb5 cxb5 19. Bxb5 Re7 20. Bxd7 Qxd7 21. b5
Qc7 22. Qb4 Rb8 23. Rf3 Bc6 24. Qa4 1/2-1/2

[Event "Open 2004 des PSV Rostock"]
[Site "Rostock"]
[Date "2004.08.28"]
[Round "5.6"]
[White "Zimmermann, Hendrik"]
[Black "Porsch, Harald"]
[Result "1/2-1/2"]
[WhiteElo "2105"]
[BlackElo "2238"]
[PlyCount "83"]
[EventDate "2004.08.26"]
[EventType "swiss"]
[EventRounds "7"]
[EventCountry "GER"]
[Source "Th. Schwetlick"]
[SourceDate "2004.09.01"]

1. d4 Nf6 2. c4 c5 3. d5 e6 4. Nc3 exd5 5. cxd5 d6 6. e4 g6 7. f4 Bg7 8. Nf3
O-O 9. Be2 a6 10. a4 Re8 11. Nd2 Nbd7 12. O-O Rb8 13. a5 Qc7 14. Bf3 b5 15.
axb6 Rxb6 16. Kh1 Rb4 17. Qc2 h5 18. Ncb1 Nb6 19. Na3 c4 20. Ndb1 Ng4 21. h3
Qe7 22. Nc3 Qh4 23. Ne2 Nf2+ 24. Kg1 Nd3 25. Rb1 Bd7 26. b3 Ne1 27. Qd2 Nxf3+
28. Rxf3 c3 29. Nxc3 Bxc3 30. Qxc3 Rbxe4 31. Bb2 Re1+ 32. Kh2 f6 33. Rxe1 Rxe1
34. Qd4 Re2 35. Bc1 Qe1 36. Be3 Nc8 37. Nc4 Kf7 38. Rg3 h4 39. Rf3 Qb1 40. Bf2
Qc2 41. Nb6 Rd2 42. Qe3 1/2-1/2

[Event "Open 2004 des PSV Rostock"]
[Site "Rostock"]
[Date "2004.08.28"]
[Round "5.7"]
[White "Schoenrock, Ruediger"]
[Black "Drill, Frank"]
[Result "1/2-1/2"]
[WhiteElo "2197"]
[BlackElo "2175"]
[PlyCount "61"]
[EventDate "2004.08.26"]
[EventType "swiss"]
[EventRounds "7"]
[EventCountry "GER"]
[Source "Th. Schwetlick"]
[SourceDate "2004.09.01"]

1. e4 d6 2. d4 Nf6 3. Nc3 Nbd7 4. Nf3 e5 5. Bc4 Be7 6. O-O O-O 7. Bb3 c6 8. a4
Qc7 9. Be3 b6 10. Qd2 Bb7 11. Rad1 a6 12. Ng5 Ng4 13. Ne6 fxe6 14. Bxe6+ Kh8
15. Bxg4 Nf6 16. Bf3 b5 17. axb5 axb5 18. dxe5 dxe5 19. Ne2 Ra2 20. Qc3 Rfa8
21. Nc1 R2a4 22. Nd3 Rc4 23. Qxe5 Bd6 24. Qg5 Nxe4 25. Bxe4 Rxe4 26. g3 c5 27.
Bxc5 Qc6 28. f3 Re5 29. Nxe5 Qxc5+ 30. Rf2 Qxe5 31. Qxe5 1/2-1/2

[Event "Open 2004 des PSV Rostock"]
[Site "Rostock"]
[Date "2004.08.28"]
[Round "5.9"]
[White "Schuetze, Tonio"]
[Black "Schulz, Michael"]
[Result "1/2-1/2"]
[WhiteElo "2063"]
[BlackElo "2247"]
[PlyCount "165"]
[EventDate "2004.08.26"]
[EventType "swiss"]
[EventRounds "7"]
[EventCountry "GER"]
[Source "Th. Schwetlick"]
[SourceDate "2004.09.01"]

1. e4 g6 2. d4 Bg7 3. Be3 c6 4. Qd2 d5 5. exd5 cxd5 6. c4 Nf6 7. Nc3 Nc6 8. Nf3
O-O 9. cxd5 Nxd5 10. Bh6 Bg4 11. Bxg7 Kxg7 12. Be2 e6 13. O-O Rc8 14. h3 Bxf3
15. Bxf3 Nxc3 16. bxc3 Na5 17. Rab1 b6 18. Qd3 Qd6 19. Rbc1 Rc4 20. Rc2 Rfc8
21. Rfc1 e5 22. d5 f5 23. Be2 b5 24. Qe3 R4c5 25. a4 Nb3 26. Rb1 bxa4 27. c4
Nd4 28. Rcc1 R8c7 29. Bf1 Nb3 30. Re1 Re7 31. Qe2 Ra5 32. Qb2 Kg8 33. Qc3 Rc5
34. Qb4 Rxd5 35. Qxa4 Nc5 36. Qa3 Ne4 37. Qe3 Rd4 38. Rb5 Kg7 39. Ra1 f4 40.
Qc1 Rd2 41. Rb2 Qd4 42. Rxd2 Qxd2 43. Qxd2 Nxd2 44. f3 Nxf1 45. Kxf1 Kf6 46.
Ra6+ Kf5 47. Ke2 Rb7 48. Kf1 h5 49. h4 Rc7 50. Kf2 Rxc4 51. Rxa7 Rc1 52. Ra8
Rh1 53. Rb8 Ra1 54. Rc8 Rh1 55. Ra8 Rxh4 56. Kg1 e4 57. Rf8+ Kg5 58. fxe4 Rg4
59. e5 Rg3 60. e6 Re3 61. Re8 Kf6 62. Rf8+ Kxe6 63. Rxf4 Re5 64. Kh2 Rf5 65.
Ra4 Kf6 66. g4 hxg4 67. Rxg4 Ra5 68. Rb4 Kf5 69. Kg3 Ra3+ 70. Kg2 g5 71. Rb5+
Kg4 72. Rb4+ Kh5 73. Rb2 Kh4 74. Rb4+ g4 75. Rb2 Rg3+ 76. Kh2 Re3 77. Kg2 Re4
78. Rd2 Kg5 79. Rb2 Kf4 80. Ra2 Re5 81. Ra4+ Kg5 82. Ra2 Kh4 83. Rb2 1/2-1/2

[Event "Open 2004 des PSV Rostock"]
[Site "Rostock"]
[Date "2004.08.28"]
[Round "5.10"]
[White "Miersch, Marco"]
[Black "Oldach, Ehrenfried"]
[Result "1/2-1/2"]
[WhiteElo "2176"]
[BlackElo "2058"]
[PlyCount "126"]
[EventDate "2004.08.26"]
[EventType "swiss"]
[EventRounds "7"]
[EventCountry "GER"]
[Source "Th. Schwetlick"]
[SourceDate "2004.09.01"]

1. e4 e5 2. Nf3 Nc6 3. Bc4 Be7 4. d3 Nf6 5. c3 O-O 6. O-O d6 7. Re1 Na5 8. Bb5
a6 9. Ba4 b5 10. Bc2 c5 11. Nbd2 Nc6 12. Nf1 Bd7 13. Ng3 Ne8 14. Be3 Rc8 15.
Rc1 Bf6 16. Qd2 g6 17. d4 cxd4 18. cxd4 Bg4 19. dxe5 Nxe5 20. Nxe5 Bxe5 21. Bb3
Be6 22. Bxe6 fxe6 23. Rxc8 Qxc8 24. Rc1 Qb7 25. Qc2 d5 26. Ne2 Nd6 27. exd5 Rc8
28. Qd3 Rxc1+ 29. Bxc1 Qxd5 30. Qxd5 exd5 31. Bf4 Nf7 32. Bxe5 Nxe5 33. Nf4 d4
34. Kf1 Kf7 35. Ke2 g5 36. Nd3 Nc6 37. Kf3 Ke7 38. Ke4 Kd6 39. b4 h6 40. f3 h5
41. g3 a5 42. bxa5 Nxa5 43. Kxd4 Nc6+ 44. Ke4 Ke6 45. f4 gxf4 46. Nxf4+ Kf6 47.
h4 Nb4 48. Nxh5+ Kf7 49. g4 Nxa2 50. Nf4 b4 51. g5 b3 52. Kd3 Nb4+ 53. Kc3 Nc6
54. Kxb3 Ne5 55. Kc3 Nf3 56. g6+ Kf6 57. h5 Nh4 58. Kd3 Nf5 59. Ke4 Kg5 60. Ke5
Ng7 61. h6 Kxh6 62. Ke4 Nh5 63. Nxh5 Kxg6 1/2-1/2

[Event "Open 2004 des PSV Rostock"]
[Site "Rostock"]
[Date "2004.08.28"]
[Round "5.11"]
[White "Giese, Guido"]
[Black "Von Rahden, Arvid"]
[Result "1/2-1/2"]
[WhiteElo "2031"]
[BlackElo "2145"]
[PlyCount "38"]
[EventDate "2004.08.26"]
[EventType "swiss"]
[EventRounds "7"]
[EventCountry "GER"]
[Source "Th. Schwetlick"]
[SourceDate "2004.09.01"]

1. e4 d5 2. Nc3 dxe4 3. Nxe4 Nf6 4. Ng3 e6 5. Nf3 Bd6 6. d4 O-O 7. Bd3 h6 8.
O-O Nbd7 9. Qe2 b6 10. Ne4 Be7 11. c3 Bb7 12. Nxf6+ Bxf6 13. Bf4 c5 14. Bd6 Be7
15. Bxe7 Qxe7 16. Be4 Bxe4 17. Qxe4 Nf6 18. Qe2 Rfd8 19. Rad1 Rac8 1/2-1/2

[Event "Open 2004 des PSV Rostock"]
[Site "Rostock"]
[Date "2004.08.28"]
[Round "5.12"]
[White "Moeller, Peter"]
[Black "Kramps, Rene"]
[Result "0-1"]
[WhiteElo "2134"]
[BlackElo "2010"]
[PlyCount "67"]
[EventDate "2004.08.26"]
[EventType "swiss"]
[EventRounds "7"]
[EventCountry "GER"]
[Source "Th. Schwetlick"]
[SourceDate "2004.09.01"]

1. g3 e5 2. Bg2 Nf6 3. d3 Be7 4. e4 d6 5. Nf3 O-O 6. O-O c5 7. a4 Nc6 8. Re1
Bd7 9. c3 a6 10. d4 cxd4 11. cxd4 Bg4 12. d5 Nd4 13. Nc3 b5 14. Be3 Bxf3 15.
Bxf3 Nxf3+ 16. Qxf3 b4 17. Nb1 Qd7 18. Nd2 Rac8 19. Qe2 Rc2 20. Qxa6 Qh3 21.
Qd3 Rfc8 22. a5 Ng4 23. Nf3 Bg5 24. Re2 Rxe2 25. Qxe2 Bxe3 26. fxe3 b3 27. a6
Rc2 28. a7 h6 29. a8=Q+ Kh7 30. Qf1 Qh5 31. Re1 Nxh2 32. Nh4 Nxf1 33. Kxf1 g5
34. Qf8 {ZÜ} 0-1

[Event "Open 2004 des PSV Rostock"]
[Site "Rostock"]
[Date "2004.08.28"]
[Round "5.13"]
[White "Bauer, Burkhardt"]
[Black "Kutschke, Peter"]
[Result "1/2-1/2"]
[WhiteElo "1977"]
[BlackElo "2128"]
[PlyCount "36"]
[EventDate "2004.08.26"]
[EventType "swiss"]
[EventRounds "7"]
[EventCountry "GER"]
[Source "Th. Schwetlick"]
[SourceDate "2004.09.01"]

1. d4 d5 2. Nf3 Bf5 3. e3 e6 4. c4 c6 5. Nc3 Nd7 6. Bd3 Bxd3 7. Qxd3 Ngf6 8.
O-O Be7 9. e4 dxe4 10. Nxe4 O-O 11. Rd1 Qc7 12. b3 Rfd8 13. Nxf6+ Bxf6 14. Bg5
h6 15. Bxf6 Nxf6 16. Qe3 Rd6 17. Rd2 Rad8 18. Rad1 Qa5 1/2-1/2

[Event "Open 2004 des PSV Rostock"]
[Site "Rostock"]
[Date "2004.08.28"]
[Round "5.14"]
[White "Reschke, Heiko"]
[Black "Seiler, Dirk"]
[Result "1/2-1/2"]
[WhiteElo "2085"]
[BlackElo "1924"]
[PlyCount "112"]
[EventDate "2004.08.26"]
[EventType "swiss"]
[EventRounds "7"]
[EventCountry "GER"]
[Source "Th. Schwetlick"]
[SourceDate "2004.09.01"]

1. c4 e5 2. Nc3 d6 3. g3 Be6 4. Bg2 c6 5. d3 g6 6. Nf3 Bg7 7. O-O Ne7 8. Rb1
O-O 9. b4 d5 10. Ng5 Nd7 11. a4 Nf6 12. Ba3 Qd7 13. Qb3 Rfd8 14. b5 Rab8 15.
Bxe7 Qxe7 16. bxc6 bxc6 17. Qxb8 Rxb8 18. Rxb8+ Bf8 19. Nxe6 Qxe6 20. cxd5 cxd5
21. Rfb1 Kg7 22. R8b5 e4 23. dxe4 dxe4 24. e3 Qc4 25. R5b3 a5 26. Bf1 Qc8 27.
Ne2 Bb4 28. Nd4 Nd7 29. R3b2 Ne5 30. Rc2 Qd7 31. Bb5 Qh3 32. Bf1 Qd7 33. Nb5
Nf3+ 34. Kh1 Qd5 35. h3 Qh5 36. Rc7 Nd2 37. Rbc1 Nxf1 38. Rxf1 Qxh3+ 39. Kg1 h5
40. Rd1 h4 41. Rdd7 hxg3 42. Rxf7+ Kg8 43. Rg7+ Kh8 44. Rh7+ Qxh7 45. Rxh7+
Kxh7 46. fxg3 Kg7 47. Kg2 Kf6 48. g4 Ke5 49. Kf2 Kd5 50. Nc7+ Kc4 51. Ke2 g5
52. Ne6 Be7 53. Kd2 Bf6 54. Nc7 Be5 55. Ne6 Bf6 56. Nc7 Be5 1/2-1/2

[Event "Open 2004 des PSV Rostock"]
[Site "Rostock"]
[Date "2004.08.28"]
[Round "5.15"]
[White "Wiecker, Stefan"]
[Black "Hellmann, Norbert"]
[Result "1/2-1/2"]
[WhiteElo "1740"]
[BlackElo "2137"]
[PlyCount "27"]
[EventDate "2004.08.26"]
[EventType "swiss"]
[EventRounds "7"]
[EventCountry "GER"]
[Source "Th. Schwetlick"]
[SourceDate "2004.09.01"]

1. e4 d6 2. d4 Nf6 3. f3 c5 4. Bb5+ Bd7 5. Bxd7+ Nbxd7 6. c4 cxd4 7. Qxd4 g6 8.
Nc3 Bg7 9. Be3 O-O 10. Qd2 Nb6 11. b3 Nbd7 12. Rc1 Qa5 13. Nge2 Rfc8 14. O-O
1/2-1/2

[Event "Open 2004 des PSV Rostock"]
[Site "Rostock"]
[Date "2004.08.28"]
[Round "5.16"]
[White "Krueger, Alexander"]
[Black "Calder, Dennis"]
[Result "0-1"]
[WhiteElo "1768"]
[BlackElo "2102"]
[PlyCount "78"]
[EventDate "2004.08.26"]
[EventType "swiss"]
[EventRounds "7"]
[EventCountry "GER"]
[Source "Th. Schwetlick"]
[SourceDate "2004.09.01"]

1. e4 Nf6 2. e5 Nd5 3. d4 d6 4. c4 Nb6 5. f4 g6 6. Nc3 Bg7 7. Nf3 Bg4 8. h3
Bxf3 9. Qxf3 Nc6 10. Be3 e6 11. Be2 Nb4 12. Rc1 d5 13. c5 Nc8 14. Bf2 Nc6 15.
a3 N8e7 16. g4 h5 17. Kd2 Qd7 18. Bd3 Na5 19. Kc2 Nec6 20. b3 O-O-O 21. Kb2
hxg4 22. hxg4 Rdg8 23. Ne2 Ne7 24. Bh4 Nac6 25. Bf6 Rxh1 26. Rxh1 Nd8 27. Rh7
Bxf6 28. exf6 Nec6 29. f5 gxf5 30. gxf5 e5 31. Qh3 Nxd4 32. Nxd4 exd4 33. Qh4
Rg2+ 34. Ka1 Qe8 35. Qxd4 Qe1+ 36. Bb1 Rd2 37. Qf4 Rd1 38. Rh8 Rxb1+ 39. Ka2
Qd1 0-1

[Event "Open 2004 des PSV Rostock"]
[Site "Rostock"]
[Date "2004.08.28"]
[Round "5.17"]
[White "Schroeder, Christian"]
[Black "Jeske, Holger"]
[Result "1-0"]
[WhiteElo "2100"]
[BlackElo "1867"]
[PlyCount "71"]
[EventDate "2004.08.26"]
[EventType "swiss"]
[EventRounds "7"]
[EventCountry "GER"]
[Source "Th. Schwetlick"]
[SourceDate "2004.09.01"]

1. c4 f5 2. d4 Nf6 3. g3 e6 4. Bg2 d5 5. Nc3 c6 6. Nf3 Be7 7. O-O O-O 8. Bg5
Nbd7 9. b3 Bb4 10. Bd2 a5 11. Na4 Be7 12. Ng5 Nb6 13. Nc5 Re8 14. Ngxe6 Bxe6
15. Nxe6 Qc8 16. cxd5 Nbxd5 17. Nf4 Ne4 18. Rc1 Qd7 19. Nxd5 Qxd5 20. Bf4 Ba3
21. Rc2 a4 22. Qd3 axb3 23. axb3 b5 24. Be5 Bb4 25. f3 Nc5 26. Qxf5 Nxb3 27. f4
Qe6 28. Qxe6+ Rxe6 29. Bxc6 Rxc6 30. Rxc6 Nd2 31. Rfc1 Nc4 32. R6xc4 bxc4 33.
Rxc4 Bd2 34. Rc7 g5 35. Rg7+ Kf8 36. Rxg5 1-0

[Event "Open 2004 des PSV Rostock"]
[Site "Rostock"]
[Date "2004.08.28"]
[Round "5.18"]
[White "Miedeck, Franz"]
[Black "Herde, Dittmar"]
[Result "1/2-1/2"]
[WhiteElo "1709"]
[BlackElo "2022"]
[PlyCount "31"]
[EventDate "2004.08.26"]
[EventType "swiss"]
[EventRounds "7"]
[EventCountry "GER"]
[Source "Th. Schwetlick"]
[SourceDate "2004.09.01"]

1. e4 c5 2. Nf3 d6 3. b3 Nf6 4. d3 g6 5. Bb2 Bg7 6. Be2 O-O 7. O-O Nc6 8. h3 a6
9. Nbd2 b5 10. a4 bxa4 11. Rxa4 Bd7 12. Ra3 Qc7 13. Qa1 Nb4 14. Rc1 Bb5 15. Ne1
Bh6 16. Rd1 1/2-1/2

[Event "Open 2004 des PSV Rostock"]
[Site "Rostock"]
[Date "2004.08.28"]
[Round "5.19"]
[White "Onasch, Paul"]
[Black "Luetje, Juergen"]
[Result "0-1"]
[WhiteElo "1690"]
[BlackElo "1995"]
[PlyCount "54"]
[EventDate "2004.08.26"]
[EventType "swiss"]
[EventRounds "7"]
[EventCountry "GER"]
[Source "Th. Schwetlick"]
[SourceDate "2004.09.01"]

1. d4 d5 2. Nf3 Nf6 3. e3 e6 4. Bd3 c5 5. c3 Nc6 6. Nbd2 Be7 7. O-O Qc7 8. dxc5
Bxc5 9. e4 O-O 10. Qc2 h6 11. h3 a6 12. Re1 Ba7 13. exd5 exd5 14. Nb3 Bxh3 15.
gxh3 Qg3+ 16. Kf1 Qxf3 17. Be3 Rfe8 18. Qd2 Qxh3+ 19. Ke2 Qh5+ 20. Kf1 d4 21.
cxd4 Bxd4 22. Rac1 Bxe3 23. Rxe3 Rxe3 24. fxe3 Ng4 25. Rc5 Qh1+ 26. Ke2 Nce5
27. Qc1 Qg2+ 0-1

[Event "Open 2004 des PSV Rostock"]
[Site "Rostock"]
[Date "2004.08.28"]
[Round "5.20"]
[White "Loeke, Patrick"]
[Black "Ott, Mathias"]
[Result "0-1"]
[WhiteElo "1666"]
[BlackElo "1965"]
[PlyCount "56"]
[EventDate "2004.08.26"]
[EventType "swiss"]
[EventRounds "7"]
[EventCountry "GER"]
[Source "Th. Schwetlick"]
[SourceDate "2004.09.01"]

1. d4 d5 2. c4 e6 3. Nf3 Nf6 4. Nc3 Be7 5. e3 O-O 6. Bd3 Nbd7 7. O-O c6 8. Re1
dxc4 9. Bxc4 b5 10. Bd3 a6 11. e4 c5 12. Bf4 cxd4 13. Nxd4 Bb7 14. Nf3 Nc5 15.
Bc2 b4 16. Na4 Ncxe4 17. Ne5 Rc8 18. Bb3 Bc5 19. Be3 Bxe3 20. Rxe3 Nd6 21. Rd3
Bd5 22. Ng4 Nxg4 23. Bxd5 exd5 24. Qxg4 Qa5 25. b3 Ne4 26. Rad1 Nc3 27. Nxc3
bxc3 28. Rxd5 Qxd5 0-1

[Event "Open 2004 des PSV Rostock"]
[Site "Rostock"]
[Date "2004.08.28"]
[Round "5.21"]
[White "Boettcher, Patrick"]
[Black "Jaeger, Frank"]
[Result "0-1"]
[WhiteElo "1949"]
[BlackElo "1711"]
[PlyCount "32"]
[EventDate "2004.08.26"]
[EventType "swiss"]
[EventRounds "7"]
[EventCountry "GER"]
[Source "Th. Schwetlick"]
[SourceDate "2004.09.01"]

1. e4 e5 2. Nf3 Nf6 3. Nxe5 d6 4. Nf3 Nxe4 5. d4 d5 6. Bd3 Be7 7. O-O Nc6 8.
Re1 Nf6 9. c4 dxc4 10. Bxc4 O-O 11. h3 Bf5 12. Nc3 a6 13. a3 Bd6 14. Bg5 h6 15.
Bh4 g5 16. Qd2 Bf4 0-1

[Event "Open 2004 des PSV Rostock"]
[Site "Rostock"]
[Date "2004.08.28"]
[Round "5.22"]
[White "Bahr, Enrico"]
[Black "Fischer, Joachim"]
[Result "1/2-1/2"]
[WhiteElo "1893"]
[BlackElo "1442"]
[PlyCount "33"]
[EventDate "2004.08.26"]
[EventType "swiss"]
[EventRounds "7"]
[EventCountry "GER"]
[Source "Th. Schwetlick"]
[SourceDate "2004.09.01"]

1. d4 Nf6 2. c4 e6 3. Nc3 Bb4 4. Qb3 Bxc3+ 5. Qxc3 Ne4 6. Qc2 f5 7. Nf3 b6 8.
g3 Bb7 9. Bg2 O-O 10. O-O Qf6 11. b3 d6 12. a4 Nd7 13. a5 c5 14. Bb2 Qf7 15.
axb6 axb6 16. dxc5 bxc5 17. e3 1/2-1/2